[Event "AUTO-INT-1151"]
[Site "http://www.queenalice.com/game.php?id=514718"]
[Date "2008.12.30"]
[Round "1"]
[White "cleverto"]
[Black "pierjean"]
[Result "0-1"]
[WhiteElo "1504"]
[BlackElo "1542"]

1. d4 g6 2. c4 Bg7 3. e3 e6 4. Nf3 Ne7 5. Bd3 d6 6. b3 O-O 7. Bb2 Nd7 8. O-O Nb6
9. Nc3 Nc6 10. Rc1 e5 11. dxe5 Bg4 12. exd6 cxd6 13. h3 Bxf3 14. Qxf3 Ne5 15.
Qe2 Nbd7 16. Rfd1 Nc5 17. Bb1 a5 18. Nb5 Ra6 19. Rd2 f5 20. Rcd1 Rf6 21. Bxe5
Re6 22. Bxg7 Kxg7 23. Qf3 h5 24. Bc2 Rf6 25. a3 Ne4 26. Bxe4 fxe4 27. Qxe4 Qd7
28. Qd4 Rc6 0-1

[Event "AUTO-INT-1151"]
[Site "http://www.queenalice.com/game.php?id=514719"]
[Date "2008.12.30"]
[Round "1"]
[White "pierjean"]
[Black "cleverto"]
[Result "1-0"]
[WhiteElo "1528"]
[BlackElo "1621"]

1. e4 e5 2. Nf3 d6 3. Bc4 Be7 4. h3 Nf6 5. Nc3 O-O 6. O-O Nc6 7. a3 a6 8. d3 b5
9. Ba2 Bb7 10. Bg5 Na7 11. Bxf6 Bxf6 12. Re1 c5 13. Nd5 Bxd5 14. Bxd5 Rb8 15.
Qd2 Be7 16. g4 Kh8 17. h4 Bxh4 18. Kf1 Qf6 19. Ke2 Nc8 20. g5 Qg6 21. Rh1 Bxf2
22. Kxf2 f6 23. b3 fxg5 24. Ke2 g4 25. Nh4 Qe8 26. Qg5 Ne7 27. Be6 Rf6 28. Bxg4
c4 29. b4 1-0

[Event "AUTO-INT-1151"]
[Site "http://www.queenalice.com/game.php?id=514732"]
[Date "2008.12.30"]
[Round "1"]
[White "Chazam"]
[Black "pierjean"]
[Result "1-0"]
[WhiteElo "1674"]
[BlackElo "1569"]

1. e4 d5 2. e5 e6 3. Nf3 c5 4. Bb5+ Bd7 5. Qe2 f6 6. Bxd7+ Qxd7 7. exf6 gxf6 8.
d4 Bh6 9. Bxh6 Ne7 10. dxc5 Nbc6 11. a4 O-O-O 12. O-O e5 13. Nc3 Qf5 14. Nb5
Rhg8 15. Nd6+ Rxd6 16. cxd6 Qh3 17. g3 Qxh6 18. dxe7 Nxe7 19. c4 Qh3 20. cxd5
Nxd5 21. Qc4+ Kb8 22. Qxd5 a6 23. Rac1 Rg6 24. Rc3 Rg4 25. Rb3 Rg7 26. Rc1 Qg4
27. Rc4 Qf5 28. Qc5 Qb1+ 29. Kg2 1-0

[Event "AUTO-INT-1151"]
[Site "http://www.queenalice.com/game.php?id=514733"]
[Date "2008.12.30"]
[Round "1"]
[White "pierjean"]
[Black "Chazam"]
[Result "1/2-1/2"]
[WhiteElo "1555"]
[BlackElo "1515"]

1. Nf3 e6 2. d4 Nc6 3. e4 Bb4+ 4. c3 Ba5 5. Be3 d6 6. Be2 Nf6 7. Nbd2 a6 8. Bd3
Ng4 9. Bg5 Ne7 10. Nc4 Bb6 11. Nxb6 cxb6 12. O-O h6 13. Bxe7 Qxe7 14. Nd2 O-O
15. Qxg4 e5 16. Qg3 b5 17. a3 Bd7 18. d5 Qf6 19. Rfe1 Rac8 20. b4 Rxc3 21. Re3
Rcc8 22. Rf3 Qg6 23. h3 Qxg3 24. Rxg3 Rc7 25. Re1 Rfc8 26. Ree3 Rc1+ 27. Kh2 Ra1
28. Be2 Rcc1 29. Bf1 Rc2 30. Rd3 Rxd2 31. Rxd2 Rxf1 32. Rf3 f6 33. g4 Kf7 34.
Kg2 Rc1 35. Rdd3 Ke7 36. Rg3 Rc4 37. Rge3 b6 38. Rc3 Rd4 39. f3 Rd2+ 40. Kg3 g5
41. Rcd3 Rc2 42. Rc3 Rd2 43. Rcd3 1/2-1/2

[Event "AUTO-INT-1151"]
[Site "http://www.queenalice.com/game.php?id=514742"]
[Date "2008.12.30"]
[Round "1"]
[White "pierjean"]
[Black "GreatDarkSpot"]
[Result "1-0"]
[WhiteElo "1555"]
[BlackElo "1441"]

1. e4 e5 2. Nf3 f6 3. d4 d6 4. c3 Be6 5. Be3 d5 6. Nbd2 Bd6 7. c4 Ne7 8. c5 dxe4
9. Ng1 f5 10. f3 exd4 11. Bxd4 Bf4 12. a4 Qxd4 13. fxe4 fxe4 14. Rc1 Qxb2 15.
Bc4 Bxc4 16. Rxc4 Bxd2+ 17. Qxd2 Qa1+ 18. Kf2 Rf8+ 19. Kg3 Nf5+ 20. Kg4 Nh6+ 21.
Kg3 Qa3+ 22. Kh4 Rf4+ 23. Qxf4 e3 24. Re4+ Kd7 25. Nf3 Na6 26. Rd1+ Kc6 27. Re6+
Kxc5 28. Qd4# 1-0

[Event "AUTO-INT-1151"]
[Site "http://www.queenalice.com/game.php?id=514743"]
[Date "2008.12.30"]
[Round "1"]
[White "GreatDarkSpot"]
[Black "pierjean"]
[Result "0-1"]
[WhiteElo "1416"]
[BlackElo "1562"]

1. e4 c5 2. c3 e5 3. d4 a6 4. dxe5 b5 5. c4 Nc6 6. f4 bxc4 7. Bxc4 Bb7 8. Nc3
Nce7 9. Nf3 f6 10. exf6 Nxf6 11. e5 Ne4 12. Nxe4 Bxe4 13. Qe2 d5 14. Bd3 Nc6 15.
Bxe4 dxe4 16. Qxe4 Qa5+ 17. Bd2 Qb6 18. a4 O-O-O 19. b3 Rxd2 20. Kxd2 g6 21. f5
Bh6+ 22. Ke2 gxf5 23. Qxf5+ Kb7 24. Qf7+ Kc8 25. Qf6 Rd8 26. Qxh6 Nd4+ 27. Nxd4
Qxh6 28. e6 Rxd4 29. e7 Qd2+ 30. Kf3 Qf4+ 31. Ke2 Rd2+ 32. Ke1 Qf2# 0-1

[Event "Challenge"]
[Site "http://www.queenalice.com/game.php?id=520359"]
[Date "2009.1.10"]
[Round "-"]
[White "pierjean"]
[Black "gilsinho22"]
[Result "0-1"]
[WhiteElo "1557"]
[BlackElo "1576"]

1. e4 e5 2. Nf3 Nc6 3. Bb5 a6 4. Bxc6 dxc6 5. O-O Nf6 6. h3 Nxe4 7. c4 Bc5 8.
Qc2 Nxf2 9. d3 Nxd3+ 10. Kh2 Bd6 11. Qxd3 e4+ 12. g3 exd3 13. Re1+ Be6 14. Rxe6+
fxe6 15. Bg5 Be7 16. h4 O-O 17. Nbd2 Bxg5 18. hxg5 g6 19. b4 Qe7 20. Kg2 e5 21.
c5 e4 22. Nd4 Qe5 23. N2b3 e3 24. Re1 Rf2+ 25. Kg1 Qxg3+ 26. Kh1 Qh2# 0-1

[Event "welschren"]
[Site "http://www.queenalice.com/game.php?id=530781"]
[Date "2009.1.28"]
[Round "-"]
[White "welschren"]
[Black "pierjean"]
[Result "1-0"]
[WhiteElo "1416"]
[BlackElo "1579"]

1. e4 d6 2. Nf3 Nf6 3. Nc3 Bg4 4. Be2 Nbd7 5. d4 Bxf3 6. Bxf3 e5 7. Bg5 Be7 8.
dxe5 dxe5 9. O-O O-O 10. Bg4 Nxg4 11. Bxe7 Qxe7 12. Qxg4 g6 13. Rad1 Nf6 14. Qe2
Kg7 15. Rfe1 c6 16. Rd2 b5 17. Red1 b4 18. Nb1 c5 19. b3 Qb7 20. f3 a5 21. c3 g5
22. c4 Rad8 23. Rxd8 Rxd8 24. Rxd8 1-0

[Event "AUTO-INT-1110"]
[Site "http://www.queenalice.com/game.php?id=549314"]
[Date "2009.3.2"]
[Round "2"]
[White "Da_vinci7"]
[Black "pierjean"]
[Result "1-0"]
[WhiteElo "1995"]
[BlackElo "1486"]

1. d4 Nf6 2. Nc3 d5 3. e4 e5 4. dxe5 Ng4 5. exd5 Bb4 6. e6 Bxc3+ 7. bxc3 Qf6 8.
exf7+ Kxf7 9. Qf3 Bf5 10. Bd2 Re8+ 11. Be2 Qa6 12. Qxf5+ Nf6 13. Qf3 Nd7 14. Nh3
h6 15. Nf4 Re7 16. O-O Qa4 17. Bd3 Kg8 18. Ne6 Ne5 19. Qg3 Nxd3 20. Qxd3 Rd7 21.
c4 Ng4 22. Nc5 Ne5 23. Nxa4 Rad8 24. Qg3 Nxc4 25. Bxh6 b5 26. Nc5 Rf7 27. Ne6
Rdd7 28. f4 Nd6 29. f5 Nxf5 30. Rxf5 Rxf5 31. Nxg7 Rff7 32. Ne6+ Kh7 33. Bf8 Kh8
34. Rd1 Rh7 35. Rd4 Rhf7 36. Rh4+ Rh7 37. Rxh7+ Rxh7 38. Bg7+ Kg8 39. Qxc7 Rh8
40. Bxh8 1-0

[Event "AUTO-INT-1110"]
[Site "http://www.queenalice.com/game.php?id=549315"]
[Date "2009.3.2"]
[Round "2"]
[White "pierjean"]
[Black "Da_vinci7"]
[Result "0-1"]
[WhiteElo "1482"]
[BlackElo "1997"]

1. e4 e5 2. Nf3 Nc6 3. Bb5 a6 4. Bxc6 dxc6 5. O-O Bg4 6. d3 Nf6 7. Bg5 Be7 8.
Nbd2 O-O 9. Re1 Re8 10. Re3 b5 11. a3 c5 12. Rc1 c6 13. b3 Qc7 14. h3 Bh5 15. c4
a5 16. Rc3 b4 17. Rc1 Red8 18. a4 Rd7 19. g4 Bxg4 20. hxg4 Nxg4 21. Bxe7 Nxe3
22. fxe3 Rxe7 23. Nf1 Rf8 24. N1h2 f5 25. Kf2 f4 26. Qe2 fxe3+ 27. Qxe3 Qd6 28.
Rg1 Ref7 29. Ng4 Rxf3+ 30. Qxf3 Rxf3+ 31. Kxf3 Qxd3+ 32. Kg2 Qxe4+ 33. Kh3 Qd3+
34. Rg3 Qf1+ 35. Kh2 e4 36. Nf6+ Qxf6 37. Kh3 Qe5 38. Re3 Qf4 39. Rg3 e3 40. Rg1
Qf2 41. Rd1 Qf3+ 0-1

[Event "Challenge"]
[Site "http://www.queenalice.com/game.php?id=564821"]
[Date "2009.4.1"]
[Round "-"]
[White "Galaad"]
[Black "pierjean"]
[Result "1-0"]
[WhiteElo "1342"]
[BlackElo "1519"]

1. e4 c5 2. Nf3 a6 3. Bc4 d6 4. Ng5 Nh6 5. h3 Nc6 6. c3 Ne5 7. Qe2 b5 8. Bd5 Rb8
9. a3 e6 10. Ba2 Qxg5 11. O-O Bb7 12. d4 Nc6 13. Bxg5 g6 14. d5 Nd8 15. Bf6 Rg8
16. Bg5 f6 17. Bxf6 e5 18. Qe3 Ndf7 19. c4 g5 20. Nd2 Rg6 21. Qf3 Ba8 22. Rab1
Ng8 23. Bxe5 Nxe5 24. Qg3 Bg7 25. Nf3 Rb7 26. Nxe5 Bxe5 27. Qg4 h6 28. Qc8+ Ke7
29. Qxa8 Rb6 30. Qa7+ Kf6 31. Qxb6 Ne7 32. Qxa6 h5 33. b4 cxb4 34. c5 g4 35. h4
Kf7 36. Qxb5 g3 37. Qxb4 gxf2+ 38. Rxf2+ Bf6 39. cxd6 Ke8 40. Qb8+ 1-0

[Event "tsuki"]
[Site "http://www.queenalice.com/game.php?id=566261"]
[Date "2009.4.3"]
[Round "2"]
[White "pierjean"]
[Black "ButchCassidy"]
[Result "0-1"]
[WhiteElo "1496"]
[BlackElo "1655"]

1. e4 e5 2. Nf3 f6 3. Bc4 Bc5 4. d4 exd4 5. O-O Nc6 6. h4 Qe7 7. Bg5 fxg5 8.
Nxg5 Nh6 9. Qh5+ Kf8 10. f4 d3+ 11. Kh1 dxc2 12. Nc3 d6 13. f5 Ne5 14. Bb3 Neg4
15. Bxc2 Qf6 16. Nb5 c6 17. Nc3 Bd7 18. Na4 Be8 19. e5 dxe5 20. Nxc5 Ke7 21.
Nge4 Bxh5 22. Nxf6 Nxf6 23. Rae1 Kd6 24. Nxb7+ Kc7 25. Na5 Rhe8 26. Ba4 Re7 27.
Rc1 Bg4 28. Rxc6+ Kd8 29. Rf2 Bxf5 30. Rd2+ Bd7 31. Rcd6 Ke8 32. Nc6 Bxc6 33.
Bxc6+ Kf8 34. Bxa8 e4 35. Rf2 Re8 36. Bd5 Ng4 37. Rf4 e3 38. Bc4 Ne5 39. Rdxf6+
Ke7 40. Re6+ Kd8 41. Rd6+ Kc7 42. Ra6 Nxc4 43. Rxc4+ Kb7 44. Rd6 e2 45. Rb4+ Ka8
46. Rd7 e1=Q+ 47. Kh2 Qxb4 0-1

[Event "AUTO-OPEN-1385"]
[Site "http://www.queenalice.com/game.php?id=577180"]
[Date "2009.4.24"]
[Round "2"]
[White "serse"]
[Black "pierjean"]
[Result "1-0"]
[WhiteElo "2461"]
[BlackElo "1484"]

1. e4 c6 2. d4 Qc7 3. Nc3 d6 4. Nf3 Bg4 5. h3 Bxf3 6. Qxf3 Nd7 7. Be3 e6 8.
O-O-O Ne7 9. d5 c5 10. Nb5 Qb6 11. dxe6 Ne5 12. Nxd6+ Kd8 13. Nc4+ Kc7 14. Bf4
Ng6 15. Rd7+ Kc6 16. Qa3 f6 17. Qa4+ Qb5 18. Nxe5+ fxe5 19. Qxb5# 1-0

[Event "AUTO-OPEN-1385"]
[Site "http://www.queenalice.com/game.php?id=577181"]
[Date "2009.4.24"]
[Round "2"]
[White "pierjean"]
[Black "serse"]
[Result "0-1"]
[WhiteElo "1480"]
[BlackElo "2461"]

1. e4 c5 2. Nf3 e6 3. e5 Nc6 4. Bc4 d5 5. Bb5 Ne7 6. c3 Bd7 7. Qa4 a6 8. Be2
Nxe5 9. Qf4 N5g6 10. Qg3 Nf5 11. Qg4 h5 12. Qg5 Be7 13. d3 Bxg5 14. Bxg5 f6 15.
Be3 Nxe3 16. fxe3 Qb6 17. b3 c4 18. d4 cxb3 19. axb3 Qxb3 20. Nfd2 Qb2 21. O-O
Qxa1 22. Nb3 Qb2 23. N1d2 Ba4 24. Rb1 Qxc3 25. Bd1 Qxe3+ 26. Kf1 Bb5+ 27. Be2
Bxe2+ 0-1

[Event "AUTO-OPEN-1385"]
[Site "http://www.queenalice.com/game.php?id=577184"]
[Date "2009.4.24"]
[Round "2"]
[White "pergaminos"]
[Black "pierjean"]
[Result "1-0"]
[WhiteElo "1912"]
[BlackElo "1478"]

1. d4 d6 2. e4 b6 3. Nf3 Bb7 4. d5 g6 5. Bg5 Nd7 6. Bb5 f6 7. Bf4 g5 8. Be3 Nh6
9. h3 Nf7 10. Nc3 h5 11. Qe2 Bh6 12. O-O Bc8 13. Bc6 Rb8 14. Nb5 O-O 15. Nxa7
Nde5 16. Nxe5 Nxe5 17. Qxh5 Kh7 18. f4 gxf4 19. Bxf4 Nf7 20. Bb5 Bd7 21. Bc6 Be8
22. Rf3 Ne5 23. Qxh6+ Kg8 24. Rg3+ Ng6 25. Bxe8 Qxe8 26. Rxg6+ 1-0

[Event "AUTO-OPEN-1385"]
[Site "http://www.queenalice.com/game.php?id=577185"]
[Date "2009.4.24"]
[Round "2"]
[White "pierjean"]
[Black "pergaminos"]
[Result "0-1"]
[WhiteElo "1476"]
[BlackElo "1823"]

1. e4 e5 2. Nf3 d6 3. d4 Bg4 4. Nc3 Nf6 5. Bg5 Be7 6. Bxf6 Bxf6 7. d5 O-O 8. Bc4
Nd7 9. Qe2 a6 10. O-O Nc5 11. b4 Nd7 12. a4 h5 13. Qd2 Bxf3 14. gxf3 Bh4 15. Kh1
Bg5 16. Qe2 Bf4 17. Rg1 Qh4 18. Rg2 Nf6 19. Rag1 g5 20. Qe1 Kh7 21. Ne2 Rg8 22.
Nxf4 gxf4 23. Qf1 Rg6 24. Rxg6 fxg6 25. Qg2 Rg8 26. Qg5 Qxg5 27. Rxg5 h4 28. c3
Kh6 29. Rg1 h3 30. Bb3 g5 31. Bc2 g4 32. Bd1 Kh5 33. fxg4+ Nxg4 34. Bf3 Kh4 35.
Rxg4+ Rxg4 36. Bxg4 Kxg4 37. Kg1 Kf3 38. Kf1 Kxe4 39. Ke2 f3+ 40. Kd2 c6 41.
dxc6 bxc6 42. c4 Kd4 43. b5 cxb5 44. cxb5 axb5 45. a5 Kc5 46. Kc3 b4+ 47. Kb3
Kb5 48. Kc2 Kxa5 49. Kb3 d5 50. Kc2 e4 0-1

[Event "tsuki"]
[Site "http://www.queenalice.com/game.php?id=600921"]
[Date "2009.6.9"]
[Round "4"]
[White "aragats"]
[Black "pierjean"]
[Result "1-0"]
[WhiteElo "1906"]
[BlackElo "1474"]

1. f4 d5 2. Nf3 c5 3. e3 Qc7 4. b3 Bg4 5. Be2 a6 6. Bb2 f6 7. c4 e6 8. cxd5 exd5
9. O-O Ne7 10. d4 Nf5 11. Qd2 Bd6 12. Ne1 h5 13. Bd3 Qe7 14. Nc2 Nc6 15. h3 Nb4
16. Nxb4 cxb4 17. hxg4 O-O 18. Bxf5 Kf7 19. gxh5 b5 20. Rf3 Ra7 21. Qd3 Ke8 22.
Bg6+ 1-0